مسح التربة في الجمهورية العربية اليمنية. موجز التقرير النهائي (Record no. 244)

MARC details
000 -LEADER
fixed length control field 01391cam a2200433 4500
001 - CONTROL NUMBER
control field 265296
003 - CONTROL NUMBER IDENTIFIER
control field ItRFAO
008 - FIXED-LENGTH DATA ELEMENTS--GENERAL INFORMATION
fixed length control field 930101t1983 xxu||||| ||| 00| 0 d
040 ## - CATALOGING SOURCE
Original cataloging agency ItRFAO
Modifying agency ItRFAO
041 0# - LANGUAGE CODE
Language code of text/sound track or separate title ara
084 ## - OTHER CLASSIFICATION NUMBER
Classification number 631.47 Ag3
-- 114907
110 ## - MAIN ENTRY--CORPORATE NAME
Corporate name or jurisdiction name as entry element Agency for International Development, Washington, DC (USA)
Language of a work eng
9 (RLIN) 1236
242 00 - TRANSLATION OF TITLE BY CATALOGING AGENCY
Title Soil survey in the Yemen Arab Republic and final report
245 00 - TITLE STATEMENT
Title مسح التربة في الجمهورية العربية اليمنية. موجز التقرير النهائي
260 ## - PUBLICATION, DISTRIBUTION, ETC.
Place of publication, distribution, etc. Washington, DC (USA)
Name of publisher, distributor, etc. AID
Date of publication, distribution, etc. 1983
300 ## - PHYSICAL DESCRIPTION
Extent 61 p.
Other physical details map (in pocket), scale 1:500,000
336 ## - CONTENT TYPE
Source ItRFAO
338 ## - CARRIER TYPE
Source ItRFAO
Carrier type term Books
546 ## - LANGUAGE NOTE
Language note Arabic
650 17 - SUBJECT ADDED ENTRY--TOPICAL TERM
Source of heading or term agrovoc
Topical term or geographic name entry element SOIL
650 27 - SUBJECT ADDED ENTRY--TOPICAL TERM
Source of heading or term agrovoc
Topical term or geographic name entry element SOIL TYPES
650 27 - SUBJECT ADDED ENTRY--TOPICAL TERM
Source of heading or term agrovoc
Topical term or geographic name entry element SOIL CLASSIFICATION
9 (RLIN) 1239
650 27 - SUBJECT ADDED ENTRY--TOPICAL TERM
Source of heading or term agrovoc
Topical term or geographic name entry element CARTOGRAPHY
9 (RLIN) 1240
650 17 - SUBJECT ADDED ENTRY--TOPICAL TERM
Source of heading or term agrovocf
Topical term or geographic name entry element SOL
650 17 - SUBJECT ADDED ENTRY--TOPICAL TERM
Source of heading or term agrovocs
Topical term or geographic name entry element SUELO
650 27 - SUBJECT ADDED ENTRY--TOPICAL TERM
Source of heading or term agrovocf
Topical term or geographic name entry element TYPE DE SOL
650 27 - SUBJECT ADDED ENTRY--TOPICAL TERM
Source of heading or term agrovocf
Topical term or geographic name entry element CLASSIFICATION DES SOLS
9 (RLIN) 1244
650 27 - SUBJECT ADDED ENTRY--TOPICAL TERM
Source of heading or term agrovocf
Topical term or geographic name entry element CARTOGRAPHIE
9 (RLIN) 1245
650 27 - SUBJECT ADDED ENTRY--TOPICAL TERM
Source of heading or term agrovocs
Topical term or geographic name entry element TIPOS DE SUELOS
650 27 - SUBJECT ADDED ENTRY--TOPICAL TERM
Source of heading or term agrovocs
Topical term or geographic name entry element CLASIFICACION DE SUELOS
9 (RLIN) 1247
650 27 - SUBJECT ADDED ENTRY--TOPICAL TERM
Source of heading or term agrovocs
Topical term or geographic name entry element CARTOGRAFIA
9 (RLIN) 1248
651 #7 - SUBJECT ADDED ENTRY--GEOGRAPHIC NAME
Source of heading or term agrovoc
Geographic name YEMEN
651 #7 - SUBJECT ADDED ENTRY--GEOGRAPHIC NAME
Source of heading or term agrovocf
Geographic name YEMEN
651 #7 - SUBJECT ADDED ENTRY--GEOGRAPHIC NAME
Source of heading or term agrovocs
Geographic name YEMEN
692 ## -
-- LW
919 ## -
-- Library material
942 ## - ADDED ENTRY ELEMENTS (KOHA)
Suppress in OPAC No
Koha item type Mixed Materials
Holdings
Withdrawn status Lost status Damaged status Not for loan Collection Home library Current library Shelving location Date acquired Barcode Date last seen Price effective from Koha item type
        Reference Centerville Centerville General stacks 09/04/2014 39999000010572 09/04/2014 09/04/2014 Books
        Reference Centerville Centerville General stacks 09/04/2014 39999000010596 09/04/2014 09/04/2014 Books
        Reference Fairview Fairview General stacks 09/04/2014 39999000010619 09/04/2014 09/04/2014 Books
        Reference Midway Midway General stacks 09/04/2014 39999000010558 09/04/2014 09/04/2014 Books